LEADER 01114nam2-2200373---450- 001 990006139110203316 005 20160411152047.0 010 $a978-88-04-65982-2 035 $a000613911 035 $aUSA01000613911 035 $a(ALEPH)000613911USA01 035 $a000613911 100 $a20140630d2016----km-y0itay50------ba 101 0 $aita 102 $aIT 105 $ay|||||||001yy 200 1 $aA ogni santo la sua candela$eromanzo$fStefano Crupi 210 $aMilano$cMondadori$d2016 215 $a236 p.$d24 cm 225 2 $aScrittori italiani e stranieri 300 $aA pagina IV di copertina: eBook disponibile 410 0$1001000328377$12001$aScrittori italiani e stranieri 606 0 $2BNCF 676 $a853.92 700 1$aCRUPI,$bStefano$0619029 801 0$aIT$bsalbc$gISBD 912 $a990006139110203316 951 $aVI.3. Coll. 7/ 260$b11727 L.G.$cVI.3. Coll.$d387784 959 $aBK 969 $aUMA 979 $aANNAMARIA$b90$c20160411$lUSA01$h1512 979 $aANNAMARIA$b90$c20160411$lUSA01$h1520 996 $aA ogni santo la sua candela$91385967 997 $aUNISA